00627nam a2200205 a 450000500170000000800410001701000140005802000220007203500130009403700160010704000180012308200110014110000200015224500550017226000450022730000340027252000520030665000240035865000390038220070119085348.0060831s2006 ii b 000 0 eng  aENG-91360 a818849147c120.00 aEN-74893 bDBAD / PUB adplbEnglish  a005.73 aArulselvam, T.  aData structures and algorithms /cby T. Arulselvam aTamilnadubRaamalingaa Publicationc2008 aVarious pagings c20cm (pbk)  aHistory of Kashmiri Pandits and Kashmir, India. aComputer algorithms aData structures (Computer science)